Football Teams Mané Garrincha Played For - Statistics

General Stats
  • This quiz has been taken 20 times
  • The average score is 3 of 5
Answer Stats
League Years Team % Correct
Brazil 1968-1969 CR Flamengo
88%
Brazil 1953-1966 Botafogo FR
81%
Brazil 1966-1967 SC Corinthians
44%
Colombia 1968 Junior de Barranquilla
31%
Brazil 1971-1973 Olaria AC
25%
No matching quizzes found
Score Distribution
Percent of People with Each Score
Percentile by Number Answered
Your Score History
You have not taken this quiz